00506nam a2200133Ia 4500020002900000040000800029082002600037100002400063245005200087260005100139300005400190500002000244520010800264 a0028223659 (Student ed.) cSEN a973 GLE 1997 A100 Or.1 aRitchie, Donald A.,10aAmerican history :bthe modern era since 1865 / aNew York, N.Y. :bGlencoe/McGraw-Hill,cc1997. axxxviii, 906 p. :bcol. ill., col. maps ;c26 cm. aIncludes index. aPresents the social, cultural, economic, political and military aspects of American history since 1865.